00321nam a22001097a 4500003000400000020001600004082001400020100003200034245008600066260005100152300000800203SGT a81731527015 a200bR99S aशर्मा, मनु  a राजसूय यज्ञ : कृष्ण की आत्मकथा  bप्रभात प्रकाशनc1999 a309